000
00297nam a22001337a 4500
008
230907b ||||| |||| 00| 0 eng d
041
_a
eng
080
_a
521
082
_a
521KVA
100
_a
19
101
_a
ASTRO
245
_a
STRUCTURE OF THE ATOMIC NUCLEUS
_c
KVASNICA.J
942
_2
udc
_c
BK
999
_c
60289
_d
60289